European woods and forests: : Studies in cultural history

Bibliographic Details
Format: Book
Published: Wallingford : CAB International , 1998
Subjects:

MARC

LEADER 00000cam a2200000 7i4500
001 0000003863
005 20110801.0
020 0 0 |a 0851992579 
090 0 0 |a 333.75094   |b WAT 1998 
245 1 0 |a European woods and forests: :   |b Studies in cultural history   |c edited by Charkes Watkinst 
260 0 0 |a Wallingford :   |b CAB International ,   |c 1998 
300 |a vii, 248 p. :   |b ill (maps) ;   |c 24 cm. 
504 0 0 |a Includes bibliographical references and index 
650 0 0 |a Forest ecology---Europe---History---Congresses 
650 0 0 |a Forest management---Europe---History---Congresses 
650 0 0 |a Forests and forestry---Europe---History---Congresses 
998 |a JPSM 
999 |a 007368   |b Monograph   |c Open Shelf   |e Default branch